[Event "Plancoet 2015"]
[Site "?"]
[Date "2015.07.26"]
[Round "1.1"]
[White "Feller, Sebastien"]
[Black "Civit, Pierre"]
[Result "1-0"]
[WhiteElo "2622"]
[BlackElo "2123"]
[PlyCount "87"]

{1024MB} 1. c4 Nf6 2. Nc3 c5 3. Nf3 e6 4. g3 d5 5. cxd5 exd5 6. d4 Nc6 7. Bg2
Be7 8. O-O O-O 9. dxc5 Bxc5 10. a3 Re8 11. b4 Be7 12. Bb2 Bg4 13. h3 Be6 14.
Rc1 Qd7 15. Ng5 Rad8 16. Nxe6 fxe6 17. e3 Kh8 18. Ne2 Bd6 19. Rc2 Ne5 20. Qa1
Nc4 21. Bxf6 gxf6 22. Qxf6+ Qg7 23. Qxg7+ Kxg7 24. Ra2 a6 25. Rb1 Re7 26. a4
Bb8 27. Rc1 Kf6 28. Nd4 Rc7 29. Nb3 Ba7 30. b5 Rdc8 31. Rd1 Nd6 32. bxa6 bxa6
33. Bf1 Nc4 34. Nd2 Nxd2 35. Rdxd2 a5 36. Ba6 Rc1+ 37. Kg2 R8c7 38. Bd3 h6 39.
Bb5 Bc5 40. Rab2 Bb4 41. Rd4 R7c2 42. Rxc2 Rxc2 43. Rh4 Be1 44. Kf1 1-0

[Event "Plancoet 2015"]
[Site "?"]
[Date "2015.07.26"]
[Round "1.3"]
[White "nevednichy, vladislav"]
[Black "pourquet, Matthieu"]
[Result "1-0"]
[WhiteElo "2558"]
[BlackElo "2116"]
[PlyCount "42"]
[EventDate "2015.??.??"]

{1024MB} 1. e4 e6 2. d4 d5 3. Nd2 Nf6 4. e5 Nfd7 5. Bd3 c5 6. c3 Nc6 7. Ne2
cxd4 8. cxd4 f6 9. exf6 Nxf6 10. O-O Bd6 11. Nf3 O-O 12. Bg5 Qb6 13. Nc3 Qxb2
14. Nb5 Ne4 15. Be3 Bf4 16. a4 Qb4 17. Qc2 a6 18. Na3 e5 19. dxe5 Nxe5 20. Bxf4
Nxd3 21. Qxd3 Rxf4 {suite illisible} 1-0

[Event "Plancoet 2015"]
[Site "?"]
[Date "2015.07.26"]
[Round "1.4"]
[White "Serralta, Michel"]
[Black "Guliyev, Namig"]
[Result "0-1"]
[WhiteElo "2112"]
[BlackElo "2552"]
[PlyCount "84"]
[TimeControl "240+2"]

{1024MB} 1. e4 c5 2. Nc3 a6 3. f4 b5 4. Nf3 Bb7 5. Qe2 g6 6. g3 Bg7 7. Bg2 b4
8. Nd1 d6 9. O-O Nc6 10. e5 e6 11. c3 dxe5 12. fxe5 Nge7 13. d3 O-O 14. Bg5 Qc7
15. Ne3 bxc3 16. bxc3 Nxe5 17. Nxe5 Bxe5 18. d4 Bg7 19. Bxb7 Qxb7 20. dxc5 f6
21. Nc4 fxg5 22. Qxe6+ Kh8 23. Nd6 Qc7 24. Nf7+ Rxf7 25. Rxf7 Qxc5+ 26. Kg2
Qd5+ 27. Qxd5 Nxd5 28. Rc1 Rc8 29. Ra7 Rf8 30. Rxa6 Ne3+ 31. Kg1 Bxc3 32. Ra4
h5 33. h4 Bd2 34. Rb1 Nf5 35. Rf1 g4 36. Kh2 Re8 37. Rf2 Be1 38. Rg2 Re3 39.
Ra8+ Kg7 40. Rg1 Bxg3+ 41. Kh1 Bxh4 42. Rf1 Re2 0-1

[Event "Plancoet 2015"]
[Site "?"]
[Date "2015.07.26"]
[Round "1.5"]
[White "Bailet, Pierre"]
[Black "Lucas, Jean-Christian"]
[Result "1-0"]
[WhiteElo "2503"]
[BlackElo "2095"]
[PlyCount "89"]
[TimeControl "240+2"]

{1024MB} 1. e4 c5 2. Nf3 Nc6 3. d4 cxd4 4. Nxd4 e5 5. Nb5 a6 6. Nd6+ Bxd6 7.
Qxd6 Qf6 8. Qxf6 Nxf6 9. Nc3 d5 10. exd5 Nb4 11. Bd3 Nfxd5 12. Nxd5 Nxd5 13.
Bd2 O-O 14. O-O-O Re8 15. Rhe1 Bd7 16. c4 Rac8 17. Kb1 Nf6 18. Bc3 e4 19. Bc2
Bc6 20. h3 Rcd8 21. Rxd8 Rxd8 22. g4 Re8 23. a4 e3 24. Rxe3 Rxe3 25. fxe3 Ne4
26. Be1 Ng5 27. b4 Nxh3 28. b5 axb5 29. cxb5 Bf3 30. Bf5 Ng5 31. Kc2 Ne6 32.
Kc3 g6 33. Bd3 Nc5 34. Bc2 Kf8 35. Kd4 Nd7 36. g5 f6 37. gxf6 Kf7 38. Bh4 h6
39. Bb3+ Kf8 40. f7 g5 41. Bg3 Ke7 42. Be1 Kf8 43. Be6 h5 44. Bxd7 Kxf7 45. Ke5
1-0

[Event "Plancoet 2015"]
[Site "?"]
[Date "2015.07.26"]
[Round "1.6"]
[White "Schmitz, Andreas"]
[Black "Kasparov, Sergey"]
[Result "0-1"]
[WhiteElo "2090"]
[BlackElo "2497"]
[PlyCount "64"]
[EventDate "2015.??.??"]
[TimeControl "240+2"]

{1024MB} 1. e4 d5 2. exd5 Qxd5 3. Qf3 Nf6 4. Qxd5 Nxd5 5. Nf3 Nc6 6. Bb5 Bd7 7.
Bxc6 Bxc6 8. Ne5 Nb4 9. Nxc6 Nxc6 10. c3 e5 11. O-O O-O-O 12. b4 g6 13. a4 Bh6
14. f4 e4 15. f5 Rd3 16. fxg6 hxg6 17. Na3 Ne5 18. c4 Bxd2 19. Bxd2 Rxd2 20.
Rad1 Rhd8 21. Rxd2 Rxd2 22. Nb5 c6 23. Nc3 Rd4 24. Rf4 f5 25. g4 Rxc4 26. gxf5
Rxc3 27. Rxe4 Nf3+ 28. Kg2 gxf5 29. Rf4 Ne1+ 30. Kh1 Rf3 31. Rxf3 Nxf3 32. h3
Nh4 0-1

[Event "Plancoet 2015"]
[Site "?"]
[Date "2015.07.26"]
[Round "1.7"]
[White "Karpatchev, Aleksandr"]
[Black "Najart, David"]
[Result "1-0"]
[WhiteElo "2473"]
[BlackElo "2077"]
[PlyCount "59"]
[TimeControl "240+2"]

{1024MB} 1. e4 c5 2. c3 Qa5 3. Nf3 g6 4. Na3 Bg7 5. Nc4 Qc7 6. d4 d6 7. a4 Nf6
8. e5 dxe5 9. dxe5 Ng4 10. Bf4 Nc6 11. h3 Ngxe5 12. Ncxe5 Nxe5 13. Bb5+ Kf8 14.
O-O Nxf3+ 15. Qxf3 e5 16. Be3 Be6 17. b4 c4 18. a5 f5 19. a6 e4 20. Qe2 b6 21.
f3 exf3 22. Qxf3 Kf7 23. Bf4 Be5 24. Bxe5 Qxe5 25. Qb7+ Kf6 26. Rfe1 Bd5 27.
Bc6 Be4 28. Bxe4 fxe4 29. Rxe4 Qd6 30. h4 1-0

[Event "Plancoet 2015"]
[Site "?"]
[Date "2015.07.26"]
[Round "1.8"]
[White "Marimoutou, Loic"]
[Black "Okhotnik, Vladimir"]
[Result "0-1"]
[WhiteElo "2065"]
[BlackElo "2452"]
[PlyCount "77"]
[EventDate "2015.??.??"]
[TimeControl "240+2"]

{1024MB} 1. e4 e5 2. Nf3 d6 3. d4 Nf6 4. Nc3 Nc6 5. dxe5 Nxe5 6. Nxe5 dxe5 7.
Qxd8+ Kxd8 8. Bc4 Be6 9. Bxe6 fxe6 10. f3 Bc5 11. Na4 Bd6 12. Be3 Ke7 13. Ke2
h6 14. c4 c6 15. Rab1 b5 16. cxb5 cxb5 17. Nc5 Rhc8 18. Rbc1 a5 19. Rc2 Rc6 20.
Rhc1 Rac8 21. Kd2 Rb8 22. Nd3 Rxc2+ 23. Rxc2 Kd7 24. Bf2 Nh5 25. g4 Nf4 26.
Nxf4 exf4 27. Bd4 e5 28. Bc5 b4 29. Bxd6 Kxd6 30. Rc4 g5 31. Kc2 h5 32. gxh5
Rh8 33. Kb3 Rxh5 34. Rc2 Rh3 35. Ka4 Rxf3 36. Kxa5 Re3 37. Ka4 f3 38. Rf2 g4
39. Rf1 0-1

[Event "Plancoet 2015"]
[Site "?"]
[Date "2015.07.26"]
[Round "1.9"]
[White "Terrieux, Kevin"]
[Black "Ralle, Pierre"]
[Result "1/2-1/2"]
[WhiteElo "2435"]
[BlackElo "2051"]
[PlyCount "75"]
[TimeControl "240+2"]

{1024MB} 1. d4 Nf6 2. c4 e6 3. Nc3 Bb4 4. Qc2 d5 5. cxd5 exd5 6. Bg5 Nbd7 7. e3
c5 8. Nf3 Qa5 9. Bd3 c4 10. Bf5 O-O 11. O-O Re8 12. Nd2 g6 13. Bxd7 Nxd7 14.
Rfe1 Nb6 15. f3 Bd7 16. a3 Bxc3 17. bxc3 Na4 18. Rac1 Nb6 19. Qb2 Ba4 20. Nf1
Re6 21. Qd2 Rae8 22. h4 Bc6 23. h5 a6 24. Ra1 Na4 25. Rac1 Nb6 26. Ra1 Na4 27.
Rec1 f6 28. Bf4 Qd8 29. hxg6 hxg6 30. g4 b5 31. Ra2 g5 32. Bg3 R8e7 33. Bf2 Be8
34. Ng3 Bg6 35. Nf5 Rh7 36. Kg2 Bxf5 37. gxf5 Ree7 38. Raa1 1/2-1/2

[Event "Plancoet 2015"]
[Site "?"]
[Date "2015.07.26"]
[Round "1.10"]
[White "Thomas, Anysia"]
[Black "Dumitrache, Dragos"]
[Result "0-1"]
[WhiteElo "2051"]
[BlackElo "2423"]
[PlyCount "90"]
[TimeControl "240+2"]

{1024MB} 1. d4 Nf6 2. Nf3 e6 3. c4 b6 4. g3 Ba6 5. Nbd2 c5 6. Bg2 Bb7 7. O-O
cxd4 8. Nb3 Qc7 9. Bf4 d6 10. Nbxd4 a6 11. Nb3 Be7 12. Rc1 Nbd7 13. Re1 O-O 14.
Nbd2 Rfd8 15. b4 Rac8 16. Nb3 Qb8 17. Bg5 h6 18. Bxf6 Nxf6 19. Qd4 Ba8 20. e4
Rd7 21. a4 Rdd8 22. Nfd2 Nd7 23. Qe3 Ne5 24. Nd4 Rc7 25. Bh3 Qc8 26. Qe2 Bf6
27. N4b3 Nc6 28. b5 Nb4 29. Qe3 Qb8 30. Bf1 a5 31. Nf3 Bb2 32. Nfd4 Bxc1 33.
Rxc1 Rdc8 34. h4 Qb7 35. f3 Re7 36. Be2 Rcc7 37. Rd1 Qc8 38. Qc3 d5 39. exd5
exd5 40. Bd3 Nxd3 41. Rxd3 dxc4 42. Nf5 Qxf5 43. Rd8+ Kh7 44. Nd4 Qd3 45. Qb2
Re1+ 0-1

[Event "Plancoet 2015"]
[Site "?"]
[Date "2015.07.26"]
[Round "1.11"]
[White "Filip, Lucian"]
[Black "Dupre, Mickael"]
[Result "1-0"]
[WhiteElo "2419"]
[BlackElo "2050"]
[PlyCount "59"]
[TimeControl "240+2"]

{1024MB} 1. Nf3 Nf6 2. c4 g6 3. Nc3 d6 4. e4 Bg7 5. d4 O-O 6. Be2 e5 7. Be3 Nc6
8. d5 Ne7 9. Nd2 Ne8 10. c5 f5 11. f3 c6 12. O-O cxd5 13. exd5 Kh8 14. Nc4 dxc5
15. Bxc5 b6 16. Ba3 Bb7 17. Qb3 Qd7 18. Rad1 Rc8 19. Rfe1 g5 20. Bf1 Ng6 21.
Bxf8 Bxf8 22. Nxe5 Nxe5 23. Rxe5 Bd6 24. Bb5 Qf7 25. Rxe8+ Rxe8 26. Bxe8 Qxe8
27. Nb5 Bc5+ 28. Kh1 a6 29. Nc7 Qg6 30. Ne6 1-0

[Event "Plancoet 2015"]
[Site "?"]
[Date "2015.07.26"]
[Round "1.13"]
[White "Ochsner, Bjorn Moller"]
[Black "Bourges, Jerome"]
[Result "1-0"]
[WhiteElo "2396"]
[BlackElo "2040"]
[PlyCount "59"]
[EventDate "2015.??.??"]

1. e4 c5 2. Nf3 g6 3. d4 cxd4 4. Nxd4 Nc6 5. c4 Nf6 6. Nc3 d6 7. Be2 Nxd4 8.
Qxd4 Bg7 9. Bg5 O-O 10. Qd2 Be6 11. Rc1 Qa5 12. O-O Rfc8 13. b3 a6 14. f4 b5
15. f5 b4 16. fxe6 bxc3 17. exf7+ Kh8 18. Qe3 Rf8 19. Bf3 Rab8 20. Rxc3 Rxf7
21. Rc2 Rbf8 22. Rd1 Qe5 23. c5 dxc5 24. Rxc5 Qb2 25. e5 Ng8 26. Qe2 Qxe2 27.
Bxe2 Rf5 28. Be3 Bxe5 29. g4 Bd6 30. gxf5 1-0

[Event "Plancoet 2015"]
[Site "?"]
[Date "2015.07.27"]
[Round "2.1"]
[White "Bedouin, Xavier"]
[Black "Feller, Sebastien"]
[Result "1/2-1/2"]
[WhiteElo "2337"]
[BlackElo "2622"]
[PlyCount "53"]
[TimeControl "240+2"]

{1024MB} 1. e4 Nc6 2. Nf3 d6 3. d4 Nf6 4. Nc3 g6 5. h3 Bg7 6. Be3 O-O 7. Qd2 e5
8. dxe5 dxe5 9. O-O-O Be6 10. Bb5 a6 11. Bxc6 Qxd2+ 12. Rxd2 bxc6 13. Nxe5 Nxe4
14. Nxe4 Bxe5 15. Bd4 Bxd4 16. Rxd4 h5 17. h4 a5 18. a4 Kg7 19. Re1 Rfe8 20.
Kd2 Rab8 21. b3 Bf5 22. Re3 Rbd8 23. Kc3 Rb8 24. Rc4 Re6 25. f3 Rd8 26. Rd3 Rd5
27. Rdd4 1/2-1/2

[Event "Plancoet 2015"]
[Site "?"]
[Date "2015.07.27"]
[Round "2.2"]
[White "Maiorov, Nikita"]
[Black "Sochacki, Wojtek"]
[Result "1/2-1/2"]
[WhiteElo "2573"]
[BlackElo "2302"]
[PlyCount "124"]
[EventDate "2015.??.??"]
[TimeControl "240+2"]

{1024MB} 1. d4 d5 2. c4 c6 3. Nc3 Nf6 4. e3 e6 5. Nf3 Nbd7 6. Be2 dxc4 7. a4
Bd6 8. Nd2 Qc7 9. Nxc4 Be7 10. a5 O-O 11. O-O Rd8 12. Bf3 e5 13. Qe2 exd4 14.
exd4 Nf8 15. Rd1 Be6 16. Bg5 Ng4 17. Bxg4 Bxg5 18. Bf3 Ng6 19. g3 Bf6 20. d5
cxd5 21. Nxd5 Bxd5 22. Bxd5 Ne7 23. Be4 Rxd1+ 24. Rxd1 Rc8 25. Nd6 Rd8 26. Nxb7
Rxd1+ 27. Qxd1 Bxb2 28. Bxh7+ Kxh7 29. Qb1+ g6 30. Qxb2 Nc6 31. Qb5 Kg7 32. h4
Kh7 33. a6 Kg7 34. Qd5 Kf8 35. Qc5+ Kg7 36. Nd6 Qd7 37. Qc3+ Kf8 38. Qc5 Kg7
39. Kh2 Kf8 40. Ne4+ Kg7 41. Qc3+ Kf8 42. Qh8+ Ke7 43. Qf6+ Kf8 44. Ng5 Qd5 45.
Qh8+ Ke7 46. Qa8 Kf6 47. Qh8+ Ke7 48. Qc3 Kf8 49. Nh7+ Ke7 50. Qa3+ Qd6 51.
Qe3+ Kd7 52. Ng5 Qd5 53. Ne4 Kc7 54. Nf6 Qf5 55. Nh7 Qc2 56. Qf4+ Kb6 57. Nf8
Qa2 58. Qf3 Qxa6 59. Nd7+ Ka5 60. Qxf7 Qd3 61. Nf8 Qf5 62. Qxf5+ gxf5 {et
nulle 10 coups plus tard} 1/2-1/2

[Event "Plancoet 2015"]
[Site "?"]
[Date "2015.07.27"]
[Round "2.3"]
[White "Burri, Quentin"]
[Black "Nevednichy, Vladislav"]
[Result "0-1"]
[WhiteElo "2292"]
[BlackElo "2558"]
[PlyCount "64"]

1. e4 c5 2. Nf3 a6 3. c3 Qa5 4. Bd3 d6 5. h3 b5 6. O-O Bb7 7. Bc2 Nf6 8. Re1
Nbd7 9. d3 e5 10. Nbd2 g6 11. Nf1 Bg7 12. c4 O-O 13. g4 Rfd8 14. Ng3 Nf8 15.
Bd2 Qc7 16. Kh2 Ne6 17. Rg1 Bc6 18. b3 Rab8 19. Qc1 Kh8 20. Bh6 Bxh6 21. Qxh6
Ng8 22. Qh4 f6 23. Ne2 Qa5 24. Rgd1 Rb7 25. Qg3 Rf8 26. Nd2 f5 27. f3 Rbf7 28.
Kg2 Qd8 29. h4 fxg4 30. fxg4 Rf2+ 31. Qxf2 Rxf2+ 32. Kxf2 Qxh4+ 0-1

[Event "Plancoet 2015"]
[Site "?"]
[Date "2015.07.27"]
[Round "2.4"]
[White "Guliyev, Namig"]
[Black "Mancini, Mario"]
[Result "1-0"]
[WhiteElo "2552"]
[BlackElo "2278"]
[PlyCount "63"]

1. e4 e5 2. Nf3 Nc6 3. Bb5 a6 4. Ba4 d6 5. c3 f5 6. exf5 Bxf5 7. O-O Bd3 8. Re1
Be7 9. Bc2 Bxc2 10. Qxc2 Nf6 11. d4 e4 12. Ng5 d5 13. f3 h6 14. Nh3 O-O 15. Nd2
Bd6 16. fxe4 Bxh2+ 17. Kxh2 Ng4+ 18. Kg3 Nf2 19. Nf3 Nxe4+ 20. Rxe4 dxe4 21.
Qxe4 Qf6 22. Bf4 Rae8 23. Be5 Nxe5 24. dxe5 Qb6 25. Nf4 Qxb2 26. Rb1 Qxc3 27.
Rxb7 Qc1 28. Ng6 Rf7 29. Qd5 Qc2 30. Nfh4 a5 31. Kh2 a4 32. Qe6 1-0

[Event "Plancoet 2015"]
[Site "?"]
[Date "2015.07.27"]
[Round "2.5"]
[White "Bernard, Christophe"]
[Black "Bailet, Pierre"]
[Result "0-1"]
[WhiteElo "2259"]
[BlackElo "2503"]
[PlyCount "81"]

1. d4 Nf6 2. Nf3 d5 3. c4 c6 4. Qc2 dxc4 5. Qxc4 Bg4 6. Nbd2 Nbd7 7. g3 e6 8.
Bg2 Be7 9. O-O O-O 10. b3 a5 11. a3 Rc8 12. Bb2 b5 13. Qd3 Bf5 14. Qc3 c5 15.
Nh4 Bg4 16. Qd3 cxd4 17. h3 Bh5 18. g4 Nd5 19. Bxd5 Bxh4 20. gxh5 exd5 21. Nf3
Nc5 22. Qxb5 Bf6 23. Rac1 Ne4 24. Rxc8 Qxc8 25. Kg2 Qf5 26. Qd3 Qxh5 27. Bxd4
Qg6+ 28. Kh2 Be7 29. Be5 Qe6 30. a4 Rc8 31. Bg3 Bd6 32. Kg2 Bxg3 33. fxg3 Rc3
34. Qb5 h6 35. Qb8+ Kh7 36. Rd1 Re3 37. Nd4 Qf6 38. Qf4 Rxg3+ 39. Qxg3 Nxg3 40.
Kxg3 Qe5+ 41. Kg2 0-1

[Event "Plancoet 2015"]
[Site "?"]
[Date "2015.07.27"]
[Round "2.6"]
[White "Kasparov, Sergey"]
[Black "Le Ruyet, Leopold"]
[Result "1-0"]
[WhiteElo "2497"]
[BlackElo "2238"]
[PlyCount "129"]

1. e4 e5 2. Nf3 Nc6 3. Bb5 a6 4. Bxc6 dxc6 5. Nc3 f6 6. d4 exd4 7. Nxd4 c5 8.
Nde2 Qxd1+ 9. Nxd1 Be6 10. Bf4 O-O-O 11. Ne3 Ne7 12. O-O g5 13. Bg3 f5 14. Be5
Rg8 15. exf5 Nxf5 16. Ng3 Nxe3 17. fxe3 Bc4 18. Rf5 Be7 19. Bf6 Bxf6 20. Rxf6
Rge8 21. b3 Bg8 22. Re1 c4 23. e4 Rd2 24. Rf2 Rxf2 25. Kxf2 Re5 26. b4 c5 27.
a3 Be6 28. Ke3 cxb4 29. axb4 Rb5 30. c3 a5 31. bxa5 Rxa5 32. Kd4 Kc7 33. Re2 h5
34. Nf1 Kd6 35. Ne3 b5 36. Rf2 Ke7 37. Nd5+ Kd6 38. Ne3 h4 39. h3 Ra3 40. Rf6
Ra2 41. Nf5+ Kd7 42. Ng7 Bg8 43. Rf8 Bh7 44. Rf7+ Kc6 45. Rf6+ Kd7 46. Nf5 Bxf5
47. Rxf5 Rxg2 48. Rxb5 g4 49. Rh5 gxh3 50. Rxh4 h2 51. Kxc4 Kd6 52. Kd4 Rd2+
53. Ke3 Rc2 54. Kd3 Rg2 55. Rh5 Ke6 56. c4 Kd6 57. e5+ Ke6 58. Kd4 Rd2+ 59. Kc5
Rc2 60. Kb5 Rb2+ 61. Kc6 Rb8 62. Rxh2 Rc8+ 63. Kb5 Kxe5 64. c5 Ke6 65. Rd2 1-0

[Event "Plancoet 2015"]
[Site "?"]
[Date "2015.07.27"]
[Round "2.7"]
[White "Adrian, Claude"]
[Black "Karpatchev, Aleksandr"]
[Result "0-1"]
[WhiteElo "2189"]
[BlackElo "2473"]
[PlyCount "44"]

1. c4 e5 2. Nc3 Nf6 3. e3 Bb4 4. Nge2 c6 5. a3 Ba5 6. b4 Bc7 7. Bb2 O-O 8. d4
a5 9. b5 d5 10. bxc6 bxc6 11. cxd5 Ba6 12. dxc6 Nxc6 13. d5 Ne7 14. e4 Bb6 15.
Qd2 Ng4 16. Nd1 f5 17. f3 fxe4 18. fxg4 Ng6 19. Ng3 Bxf1 20. Nxf1 Nf4 21. Nfe3
Bxe3 22. Nxe3 Nd3+ 0-1

[Event "Plancoet 2015"]
[Site "?"]
[Date "2015.07.27"]
[Round "2.8"]
[White "Okhotnik, Vladimir"]
[Black "Mouhamad, Joachim"]
[Result "0-1"]
[WhiteElo "2452"]
[BlackElo "2207"]
[PlyCount "75"]

1. d4 Nf6 2. Nf3 g6 3. Nc3 d5 4. Bf4 Bg7 5. e3 O-O 6. Be2 c5 7. Ne5 Nc6 8. h4
cxd4 9. exd4 Qb6 10. Nxc6 Qxc6 11. Bb5 Qb6 12. a4 Bg4 13. f3 Nh5 14. Bh2 Be6
15. Bg1 a6 16. a5 Qd6 17. Bf1 Qb4 18. Ra3 Ng3 19. Rh2 Rac8 20. h5 Bf5 21. Rb3
Qxa5 22. hxg6 Bxg6 23. Rh3 Nxf1 24. Kxf1 b5 25. Ra3 Qc7 26. Rxa6 b4 27. Ne2
Qxc2 28. Ra1 Qxb2 29. f4 Qc2 30. Qxc2 Bxc2 31. Nc1 b3 32. Rg3 Rc4 33. Nxb3 Bxb3
34. Rxb3 Bxd4 35. Bxd4 Rxd4 36. g3 Rc8 37. Kg2 Rc2+ 38. Kh3 0-1

[Event "Plancoet 2015"]
[Site "?"]
[Date "2015.07.27"]
[Round "2.10"]
[White "Bleunven, Andre"]
[Black "Filip, Lucian"]
[Result "0-1"]
[WhiteElo "2162"]
[BlackElo "2419"]
[PlyCount "98"]

1. Nf3 c5 2. c4 Nf6 3. Nc3 e6 4. g3 b6 5. Bg2 Bb7 6. O-O d6 7. Re1 a6 8. e4 Be7
9. d4 cxd4 10. Nxd4 Qc7 11. Be3 Nbd7 12. Rc1 O-O 13. f4 Rac8 14. Bf2 Rfe8 15.
b3 Bf8 16. h3 Qb8 17. Qd2 Qa8 18. Re2 g6 19. Rce1 Red8 20. Nc2 Qb8 21. g4 Qa7
22. g5 Nh5 23. Bf3 Ng7 24. Ne3 f5 25. gxf6 Nxf6 26. Bh4 Be7 27. Bxf6 Bxf6 28.
Ng4 Bh4 29. Rc1 Rf8 30. Rg2 Qb8 31. Nh2 Rf7 32. Rg4 Be7 33. Ne2 Rcf8 34. Rg3
Bf6 35. Rg4 Be7 36. Rg3 e5 37. fxe5 dxe5 38. Nc3 Bc8 39. Rf1 Bh4 40. Rg2 Bxh3
41. Qh6 Bxg2 42. Kxg2 Qd8 43. Nd5 Ne6 44. Ng4 Bg5 45. Qh3 Qxd5 46. cxd5 Nf4+
47. Kh1 Nxh3 48. Nxe5 Rc7 49. Nc6 Rf4 0-1

[Event "Plancoet 2015"]
[Site "?"]
[Date "2015.07.27"]
[Round "2.11"]
[White "Bianchi, Guillaume"]
[Black "Ochsner, Bjorn Moller"]
[Result "0-1"]
[WhiteElo "2142"]
[BlackElo "2396"]
[PlyCount "110"]
[EventDate "2015.??.??"]

1. d4 Nf6 2. Nf3 g6 3. c4 Bg7 4. g3 O-O 5. Bg2 d6 6. O-O Nc6 7. Nc3 a6 8. Bf4
Rb8 9. c5 d5 10. Ne5 Ne4 11. Nxe4 dxe4 12. Bxe4 Nxd4 13. Nc4 Bg4 14. f3 Bh3 15.
Re1 f5 16. Bb1 Qd5 17. a3 Qxc5 18. Kh1 Kh8 19. Bd3 e5 20. b4 Qd5 21. e4 fxe4
22. fxe4 Qe6 23. Be3 Rbd8 24. Nd2 Bg4 25. Qb1 h5 26. Bf1 h4 27. Ra2 Rd7 28. Rb2
Bf6 29. Qa2 Qxa2 30. Rxa2 Nb5 31. Kg1 Rfd8 32. Rc1 Nd4 33. Kf2 Rh7 34. Kg1 hxg3
35. hxg3 Ne2+ 36. Bxe2 Bxe2 37. Kg2 Bd3 38. Rc3 Bb5 39. Rc5 Rd3 40. Bf2 Bc6 41.
a4 Be7 42. Rc4 Rf7 43. b5 axb5 44. axb5 Bxb5 45. Rxc7 Rd7 46. Rc8+ Rf8 47.
Rxf8+ Bxf8 48. Ra5 Bc6 49. Nf3 Bxe4 50. Rxe5 Bc6 51. Re6 Rf7 52. Rxc6 bxc6 53.
Ne5 Rf6 54. Bd4 Bg7 55. g4 Re6 0-1

[Event "Plancoet 2015"]
[Site "?"]
[Date "2015.07.28"]
[Round "3.1"]
[White "Nevednichy, Vladislav"]
[Black "Filip, Lucian"]
[Result "1-0"]
[WhiteElo "2558"]
[BlackElo "2419"]
[PlyCount "134"]
[EventDate "2015.??.??"]

1. e4 c5 2. Nf3 e6 3. d4 cxd4 4. Nxd4 Nc6 5. Nc3 Qc7 6. g3 a6 7. Bg2 Nf6 8. O-O
Nxd4 9. Qxd4 Bc5 10. Bf4 d6 11. Qd2 h6 12. Rad1 e5 13. Be3 Be6 14. Bxc5 dxc5
15. Nd5 Bxd5 16. exd5 Qd6 17. f4 O-O 18. fxe5 Qxe5 19. d6 Qxb2 20. c4 Qxd2 21.
Rxd2 Rab8 22. Rb1 b5 23. d7 Rfd8 24. cxb5 Rxb5 25. Rc1 c4 26. Rxc4 Rxd7 27.
Rc8+ Kh7 28. Be4+ g6 29. Rxd7 Nxd7 30. Bd3 Ra5 31. Rc2 Kg7 32. Kf2 Ne5 33. Be2
Ra3 34. Rd2 a5 35. Rc2 f5 36. Kg2 Kf6 37. Rb2 Ke6 38. h4 Kd5 39. Bb5 Kc5 40.
Be2 Kd4 41. Rd2+ Ke3 42. Rc2 g5 43. hxg5 hxg5 44. Ba6 f4 45. Re2+ Kd4 46. gxf4
gxf4 47. Rf2 Rg3+ 48. Kf1 f3 49. Rh2 Rg7 50. Rh4+ Ke3 51. Ra4 Rc7 52. Ra3+ Kf4
53. Ke1 Rc5 54. Kd2 Rd5+ 55. Ke1 Kg3 56. Rc3 Kg2 57. Rc2+ Kg1 58. Rd2 Nd3+ 59.
Bxd3 Rxd3 60. Rxd3 f2+ 61. Kd2 f1=Q 62. Kc2 Qf5 63. Kc3 Kf2 64. a3 Ke2 65. Rd2+
Ke3 66. Rd1 Qb5 67. Rc1 a4 1-0

[Event "Plancoet 2015"]
[Site "?"]
[Date "2015.07.28"]
[Round "3.2"]
[White "Ochsner, Bjorn Moller"]
[Black "Guliyev, Namig"]
[Result "1/2-1/2"]
[WhiteElo "2396"]
[BlackElo "2552"]
[PlyCount "93"]

1. d4 d5 2. Nf3 Nf6 3. c4 dxc4 4. e3 e6 5. Bxc4 a6 6. O-O b5 7. Bd3 Bb7 8. a4
b4 9. Nbd2 c5 10. e4 Nc6 11. e5 Nd7 12. Nc4 Nxd4 13. Nxd4 cxd4 14. Bf4 Nc5 15.
Re1 Nxd3 16. Qxd3 Qd5 17. f3 Bc5 18. Nd6+ Bxd6 19. exd6 f6 20. Rad1 a5 21. Qb5+
Kf7 22. Qd7+ Kg6 23. Qxe6 Qxe6 24. Rxe6 Bc6 25. Rxd4 Bxa4 26. Re7 Rhd8 27. Rc4
Rd7 28. Rxd7 Bxd7 29. Rc7 Rd8 30. Be3 a4 31. Kf2 Be6 32. Bc5 Rb8 33. d7 a3 34.
Rc8 Rxc8 35. dxc8=Q Bxc8 36. bxa3 b3 37. Bd4 Kf5 38. Ke3 h5 39. Bc3 Ke6 40. Bb2
Kd5 41. h4 Kc4 42. Ba1 Bd7 43. Bb2 Kd5 44. Bc3 g5 45. g3 Ke6 46. Bb2 Kf5 47.
Bc3 1/2-1/2

[Event "Plancoet 2015"]
[Site "?"]
[Date "2015.07.28"]
[Round "3.3"]
[White "Bailet, Pierre"]
[Black "Bulmaga, Irina"]
[Result "1-0"]
[WhiteElo "2503"]
[BlackElo "2393"]
[PlyCount "141"]

1. d4 Nf6 2. c4 e6 3. Nf3 b6 4. g3 Bb4+ 5. Bd2 Be7 6. Bg2 c6 7. O-O O-O 8. Qc2
d5 9. Bf4 Ba6 10. Nbd2 Nbd7 11. Ne5 Nxe5 12. Bxe5 Nd7 13. Bf4 Nf6 14. Nf3 Bxc4
15. Ne5 Rc8 16. Nxc4 dxc4 17. Qxc4 Nd5 18. Be5 Bd6 19. Bxd6 Qxd6 20. e4 Ne7 21.
Rfd1 Rfd8 22. Qa4 a5 23. Qb3 c5 24. e5 Qb8 25. dxc5 Rxc5 26. Rxd8+ Qxd8 27. Rd1
Qc7 28. Qa4 b5 29. Qd4 Nd5 30. Qh4 Rc4 31. Qh5 g6 32. Qg5 h6 33. Qxh6 Qxe5 34.
Bxd5 exd5 35. Qd2 d4 36. b3 Rc8 37. Qxd4 Qxd4 38. Rxd4 Rc2 39. a4 b4 40. Rd3
Rc3 41. Re3 Kg7 42. Kg2 g5 43. Kf3 Rc2 44. h3 Kf6 45. Rd3 Rb2 46. Ke3 Ke5 47.
h4 gxh4 48. gxh4 Kf6 49. f3 Rh2 50. Rd2 Rh1 51. Rd6+ Kg7 52. Rd5 Rb1 53. Rd3
Rh1 54. Kd4 Rxh4+ 55. Kc5 Kf6 56. Kb6 Rh5 57. Rd4 Rf5 58. f4 Rh5 59. Re4 Rd5
60. Re5 Rxe5 61. fxe5+ Kxe5 62. Kxa5 f5 63. Kxb4 Kd4 64. a5 f4 65. a6 f3 66. a7
f2 67. a8=Q f1=Q 68. Qa7+ Ke4 69. Qb7+ Ke3 70. Qb6+ Ke4 71. Qe6+ 1-0

[Event "Plancoet 2015"]
[Site "?"]
[Date "2015.07.28"]
[Round "3.4"]
[White "Milchev, Nikolai"]
[Black "Kasparov, Sergey"]
[Result "1/2-1/2"]
[WhiteElo "2376"]
[BlackElo "2497"]
[PlyCount "81"]

1. Nf3 Nf6 2. g3 b6 3. Bg2 Bb7 4. O-O e6 5. d3 d5 6. Nbd2 c5 7. e4 Nc6 8. Re1
Be7 9. c3 Qc7 10. Qe2 dxe4 11. dxe4 Rd8 12. e5 Nd7 13. h4 O-O 14. Nf1 h6 15.
Bf4 Rfe8 16. Ne3 Nf8 17. Ng4 Ng6 18. Bxh6 gxh6 19. h5 Ngxe5 20. Nfxe5 Nxe5 21.
Nxe5 Bf6 22. Bxb7 Qxb7 23. Rad1 Bxe5 24. Qxe5 Qf3 25. Rd6 Rxd6 26. Qxd6 Kh7 27.
Re3 Qxh5 28. Qd7 Rg8 29. Rxe6 Rg5 30. Re7 Rf5 31. Qd3 Kg7 32. c4 a5 33. Qc3+
Rf6 34. Kg2 Qf5 35. f4 Qc8 36. b3 Qc6+ 37. Kh2 Kf8 38. Re2 Kg8 39. Rd2 Rd6 40.
Re2 Rd1 41. Re1 1/2-1/2

[Event "Plancoet 2015"]
[Site "?"]
[Date "2015.07.28"]
[Round "3.5"]
[White "Karpatchev, Aleksandr"]
[Black "Song, Julien"]
[Result "1-0"]
[WhiteElo "2473"]
[BlackElo "2376"]
[PlyCount "139"]

1. e4 e5 2. Nf3 Nc6 3. Bb5 Nf6 4. d3 Bc5 5. c3 O-O 6. Bg5 d6 7. Nbd2 Qe7 8. b4
Bb6 9. Bxc6 bxc6 10. a4 a5 11. O-O Ba6 12. bxa5 Bxa5 13. Qc2 Qe6 14. Bxf6 Qxf6
15. Nb3 Bb6 16. c4 Qe6 17. Rfe1 Ba7 18. d4 exd4 19. Nbxd4 Qxc4 20. Qxc4 Bxc4
21. Nxc6 Bc5 22. Rec1 Bd3 23. Ne7+ Kh8 24. e5 Be4 25. Ng5 Bg6 26. Nxg6+ hxg6
27. exd6 cxd6 28. a5 Ra6 29. Ra4 Kg8 30. Rb1 Re8 31. Ne4 f5 32. Ng5 d5 33. Kf1
Be7 34. Nf3 Bf6 35. h4 Re4 36. Rb8+ Kf7 37. Rb7+ Re7 38. Rb8 Rea7 39. Rb5 Ke6
40. Ra2 d4 41. Ke2 Rd7 42. Kd3 Rd5 43. Rxd5 Kxd5 44. Ra4 Kc5 45. Nxd4 Bxd4 46.
Rc4+ Kb5 47. Rxd4 Kxa5 48. Ke3 Kb5 49. Rd7 Ra3+ 50. Kf4 Ra4+ 51. Kg3 Rg4+ 52.
Kh3 g5 53. Rd5+ Kc6 54. Rxf5 Rxh4+ 55. Kg3 Kd6 56. Rxg5 Rh7 57. Kg4 Ke6 58. Rh5
Rxh5 59. Kxh5 Kf5 60. g3 Kf6 61. g4 Kf7 62. Kg5 Kf8 63. Kg6 Kg8 64. g5 Kh8 65.
Kf7 Kh7 66. f3 Kh8 67. f4 Kh7 68. f5 Kh8 69. f6 Kh7 70. g6+ 1-0

[Event "Plancoet 2015"]
[Site "?"]
[Date "2015.07.28"]
[Round "3.6"]
[White "Lazarev, Vladimir"]
[Black "Dumitrache, Dragos"]
[Result "1/2-1/2"]
[WhiteElo "2371"]
[BlackElo "2423"]
[PlyCount "39"]

1. d4 d5 2. c4 c6 3. cxd5 cxd5 4. Nf3 Nc6 5. Nc3 Nf6 6. Bf4 Bf5 7. e3 e6 8. Bd3
Bxd3 9. Qxd3 Bd6 10. Bxd6 Qxd6 11. O-O O-O 12. Rfc1 Rfc8 13. a3 a6 14. Na4 Nd7
15. Rc2 Ne7 16. Rac1 Rxc2 17. Rxc2 Rc8 18. h3 Rxc2 19. Qxc2 Qc6 20. Qxc6
1/2-1/2